Alle Nationalitäten der Bundesligaspieler (Saison 2022/23) - Statistiken

Allgemein
  • Dieses Quiz wurde 348 mal gespielt
  • Das Durchschnittsergebnis liegt bei 46 aus 63
Antwortstatistiken
Spieler Land % Korrekt
243 Deutschland
99%
5 Spanien
99%
37 Frankreich
98%
21 Österreich
98%
16 Niederlande
97%
10 Schweiz
97%
5 Norwegen
96%
9 Portugal
96%
4 Schweden
96%
9 USA
96%
3 Finnland
95%
2 Argentinien
94%
7 Belgien
94%
4 Brasilien
94%
16 Dänemark
94%
10 Japan
94%
5 Polen
94%
7 England
93%
4 Italien
93%
1 Russland
91%
6 Tschechien
91%
1 Kanada
89%
1 Ukraine
88%
13 Kroatien
86%
3 Serbien
86%
2 Südkorea
86%
1 Australien
85%
4 Griechenland
85%
7 Türkei
85%
4 Marokko
84%
1 Slowakei
84%
1 Slowenien
84%
3 Luxemburg
81%
1 Ägypten
79%
5 Ungarn
79%
1 Algerien
73%
3 Bosnien-Herzegowina
71%
4 Ghana
71%
3 Senegal
71%
1 Albanien
70%
3 Kolumbien
70%
1 Bulgarien
69%
2 Tunesien
67%
1 Iran
66%
2 Kamerun
65%
2 Nigeria
65%
2 Uruguay
63%
3 Elfenbeinküste
62%
1 DR Kongo
59%
1 Kongo
58%
1 Montenegro
54%
1 Ecuador
53%
1 Israel
51%
1 Armenien
44%
3 Mali
41%
1 Guinea
39%
1 Costa Rica
38%
2 Togo
38%
1 Burkina Faso
32%
1 Gambia
27%
1 Philippinen
18%
1 Suriname
14%
1 Guadeloupe
2%
Keine übereinstimmenden Quizze gefunden
Verteilung der Resultate
Anzahl Personen mit jedem Resultat
Perzentil nach korrekt beantworteten Fragen
Ihre Resultats-Entwicklung
Sie haben dieses Quiz noch nicht gespielt